000 00964cam a22003494i 4500
003 PE-LiUPU
005 20250731173214.0
008 150625s r 000 0 d
035 _a(Sirsi) a32748
040 _aPE-LiUPU
_bspa
_cPE-LiUPU
_erda
082 0 4 _a220.93522
_bA34
_221
100 1 _aAlbenda, Pauline,
_eautor.
245 1 4 _aThe palce Of Sargon, King Of Assyria.
336 _atext
_2rdacontent
337 _aunmediated
_2rdamedia
338 _avolume
_2rdacarrier
526 _aSEG42
526 _aSEG41
526 _aSEG40
526 _aSEG39
526 _aP94
526 _aP87
526 _aP86
526 _aP85
526 _aP77
526 _aP76
526 _aP35
942 _2ddc
_cBOOK
949 _a220.93S22 A34
_wDEWEY
_c1
_i37196
_lCCODEBUL1
_mBUL
_p00.00
_r0
_sY
_tBOOK
_u2015-06-25
_xBIBLIOTECA
_zUNKNOWN
_0COMPRA
_o.STAFF. Colección General
999 _c40434
_d40434
980 _81
_gALBERTO SANCHEZ Responsable de Automatización